MARC details
| 000 -CABECERA |
| campo de control de longitud fija |
02124cam a2200313 i 4500 |
| 001 - NÚMERO DE CONTROL |
| campo de control |
a36210894 |
| 003 - IDENTIFICADOR DEL NÚMERO DE CONTROL |
| campo de control |
SIRSI |
| 005 - FECHA Y HORA DE LA ÚLTIMA TRANSACCIÓN |
| campo de control |
20250625114212.0 |
| 008 - DATOS DE LONGITUD FIJA--INFORMACIÓN GENERAL |
| campo de control de longitud fija |
210430t20222022enka b 001 0 eng |
| 010 ## - NÚMERO DE CONTROL DE LA BIBLIOTECA DEL CONGRESO |
| Número de control de LC |
2021016485 |
| 020 ## - NÚMERO INTERNACIONAL ESTÁNDAR DEL LIBRO |
| Número Internacional Estándar del Libro |
9781509547944 |
| 035 ## - NÚMERO DE CONTROL DEL SISTEMA |
| Número de control de sistema |
(OCoLC)1250433913 |
| 040 ## - FUENTE DE LA CATALOGACIÓN |
| Centro catalogador/agencia de origen |
DLC |
| Lengua de catalogación |
eng |
| Normas de descripción |
rda |
| Centro/agencia transcriptor |
DLC |
| Centro/agencia modificador |
OCLCO |
| -- |
OCLCF |
| -- |
YDX |
| -- |
OCLCO |
| -- |
OCLCA |
| -- |
YUS |
| -- |
UtOrBLW |
| 041 ## - CÓDIGO DE LENGUA |
| Código de lengua del texto/banda sonora o título independiente |
eng |
| 050 00 - SIGNATURA TOPOGRÁFICA DE LA BIBLIOTECA DEL CONGRESO |
| Número de clasificación |
GE196 |
| Número de documento/Ítem |
.B745 2022 |
| 100 ## - ENTRADA PRINCIPAL--NOMBRE DE PERSONA |
| Nombre de persona |
Brevini, Benedetta |
| Término indicativo de función/relación |
author |
| 9 (RLIN) |
25576 |
| 245 10 - MENCIÓN DE TÍTULO |
| Título |
Is AI good for the planet? |
| Mención de responsabilidad, etc. |
/ Benedetta Brevini. |
| 260 ## - PUBLICACIÓN, DISTRIBUCIÓN, ETC. |
| Lugar de publicación, distribución, etc. |
Cambridge, UK ; |
| -- |
Medford, MA : |
| Nombre del editor, distribuidor, etc. |
Polity Press, |
| Fecha de publicación, distribución, etc. |
2022. |
| 300 ## - DESCRIPCIÓN FÍSICA |
| Extensión |
vii, 128 pages : |
| Otras características físicas |
illustrations ; |
| Dimensiones |
19 cm. |
| 490 ## - MENCIÓN DE SERIE |
| Mención de serie |
Digital futures |
| 504 ## - NOTA DE BIBLIOGRAFÍA, ETC. |
| Nota de bibliografía, etc. |
Includes bibliographical references and index. |
| 505 0# - NOTA DE CONTENIDO CON FORMATO |
| Nota de contenido con formato |
Introduction — Defining AI: beyond the Hype — Controlling AI: understanding data capitalism — Why AI worsens the Climate Crisis — AI and the Climate Crisis: what we can do about it. |
| 520 ## - SUMARIO, ETC. |
| Sumario, etc. |
Artificial intelligence (AI) is presented as a solution to the greatest challenges of our time, from global pandemics and chronic diseases to cybersecurity threats and the climate crisis. But AI also contributes to the climate crisis by running on technology that depletes scarce resources and by relying on data centres that demand excessive energy use.<br/><br/>Is AI Good for the Planet? brings the climate crisis to the centre of debates around AI, exposing its environmental costs and forcing us to reconsider our understanding of the technology. It reveals why we should no longer ignore the environmental problems generated by AI. Embracing a green agenda for AI that puts the climate crisis at centre stage is our urgent priority.<br/><br/>Engaging and passionately written, this book is essential reading for scholars and students of AI, environmental studies, politics, and media studies and for anyone interested in the connections between technology and the environment. |
| 650 #0 - PUNTO DE ACCESO ADICIONAL DE MATERIA--TÉRMINO DE MATERIA |
| Término de materia o nombre geográfico como elemento de entrada |
Sustainability |
| 9 (RLIN) |
5153 |
| 650 #0 - PUNTO DE ACCESO ADICIONAL DE MATERIA--TÉRMINO DE MATERIA |
| Término de materia o nombre geográfico como elemento de entrada |
Artificial Intelligence |
| 9 (RLIN) |
14147 |
| 650 #0 - PUNTO DE ACCESO ADICIONAL DE MATERIA--TÉRMINO DE MATERIA |
| Término de materia o nombre geográfico como elemento de entrada |
Climatic changes |
| 9 (RLIN) |
14247 |
| 650 #0 - PUNTO DE ACCESO ADICIONAL DE MATERIA--TÉRMINO DE MATERIA |
| Término de materia o nombre geográfico como elemento de entrada |
Environmental quality |
| 9 (RLIN) |
25577 |
| 942 ## - ELEMENTOS DE ENTRADA AGREGADA (KOHA) |
| Fuente del sistema de clasificación o colocación |
Clasificación de Library of Congress |